| 000 | 01744nam a22002177a 4500 | ||
|---|---|---|---|
| 003 | OSt | ||
| 005 | 20251113161841.0 | ||
| 008 | 251113b |||||||| |||| 00| 0 eng d | ||
| 040 | _cDCL | ||
| 082 | _aT-3 Ph.D. | ||
| 100 | 0 |
_aKumāra, _cAshin _bDhamma-Pā-Eng-1(70) |
|
| 245 |
_aA Study of Avijjā and Taṇhā (Ignorance and Craving) In Theravāda Buddhism / _cAshin Kumāra. |
||
| 264 |
_aMandalay : _bState Pariyatti Sāsana University, _c2012. |
||
| 500 | _aSāsanatakkasīla Dhammapāragū Ph. D. Dissertation. | ||
| 502 |
_aThis Dissertation is an attempt to solve the problem why beings in the world wander in Saṃsāra. In this dissertation, the Solution is given for the etymological study of Avijjā and Taṇhā and the meaning of Avijjā and Taṇhā based on the grammatical point of View. It is also described the nature of Avijjā and Taṇhā according to psychological and philosophical point of view. Then, it also mentions how the beings go on in Saṃsāra because of Avijjā and Taṇhā and how to eradicate Avijjā and Taṇhā through Sīla (Morality), Samādhi ( Concentration) and Paññā (wisdom) according to Theravāda Buddhism. _bPh.D _d2012. |
||
| 504 | _aIncludes Bibliographical notes. | ||
| 505 | _aIncludes Five Chapters. In Chapter I : An Etymological Study of Avijjā and Taṇhā Chapter II : A Psychological Study of Avijjā and Taṇhā. Chapter III : A Philosophical Study of Avijjā and Taṇhā. Chapter IV : Avijjā and Taṇhā, as Major Cause of Saṃsāra. Chapter V : The Buddhist Way Leading to the Final Cessation of Avijjā and Taṇhā Conclusion. Bibliography. | ||
| 650 | _aPh.D. Dissertation | ||
| 650 |
_a Avijjā and Taṇhā _xTheravada Buddhism. |
||
| 942 |
_2ddc _cTHS _n0 |
||
| 999 |
_c2465 _d2465 |
||